Nonlinear Model Predictive Control

Gespeichert in:
Bibliographische Detailangaben
Hauptverfasser: Allgöwer, Frank (Verfasst von), Zheng, Alex (Verfasst von)
Format: Buch
Sprache:Englisch
Veröffentlicht: Basel : Birkhäuser, 2000
Schriftenreihe:Progress in Systems and Control Theory Volume 26
Tags: Tag hinzufügen
Keine Tags, Fügen Sie das erste Tag hinzu!

MARC

LEADER 00000nam a22000003a 4500
001 stu56136
005 20150617225655.4
008 010119s2000----sz------------------eng-d
020 |a 3-7643-6297-9 
040 |a STU  |b slo 
041 0 |a eng 
044 |a sz 
080 |a 519.71  |7 stu_us_auth*stu8254 
100 1 |a Allgöwer, Frank  |4 aut 
245 1 |a Nonlinear Model Predictive Control 
260 |a Basel :  |b Birkhäuser,  |c 2000 
300 |a 472 s. tab.,grafy,lit 
700 1 |a Zheng, Alex  |4 aut 
830 0 |a Progress in Systems and Control Theory  |v Volume 26 
996 |b C96499  |c C*96499  |l CCXVI  |s P  |a 0  |w stu56136_0001